[Event "Karlstad op"]
[Site "Karlstad"]
[Date "2023.12.29"]
[Round "6"]
[White "Westlund, Tim"]
[Black "Blomstrom, Lars"]
[Result "1/2-1/2"]
[WhiteElo "1853"]
[BlackElo "2087"]
[PlyCount "58"]
[EventDate "2023.12.27"]
[EventType "swiss"]
[EventRounds "8"]
[EventCountry "SWE"]
[SourceTitle "CB01_2024"]
[SourceDate "2024.01.03"]
[SourceVersion "1"]
[SourceVersionDate "2024.01.03"]
[SourceQuality "1"]

1. e4 e5 2. Nf3 Nc6 3. Bc4 Bc5 4. d3 Nf6 5. 0-0 d6 6. c3 Bb6 7. a4 a6 8. b4 0-0 9. h3 Ne7 10. Be3 c6 11. Bb3 Bc7 12. Re1 Ng6 13. Nbd2 d5 14. Bc5 Re8 15. a5 Nf4 16. Qc2 h6 17. d4 dxe4 18. Nxe4 Bf5 19. Nfd2 Nxe4 20. Nxe4 Qh4 21. Bxf7+ Kxf7 22. Nd6+ Bxd6 23. Qxf5+ Qf6 24. Qxf6+ gxf6 25. Bxd6 Rad8 26. Bc5 Nd3 27. Re3 Nxc5 28. dxc5 Rd2 29. Rae1 Red8 1/2-1/2

[Event "Gothenburg Kvibergspelen"]
[Site "Gothenburg"]
[Date "2023.09.16"]
[Round "5"]
[White "Jogstad, Daniel"]
[Black "Westlund, Tim"]
[Result "1-0"]
[WhiteElo "2137"]
[BlackElo "1871"]
[PlyCount "105"]
[EventDate "2023.09.15"]
[EventType "swiss"]
[EventRounds "8"]
[EventCountry "SWE"]
[SourceTitle "EXT 2024"]
[Source "ChessBase"]
[SourceDate "2023.10.10"]
[SourceVersion "1"]
[SourceVersionDate "2023.10.10"]
[SourceQuality "1"]

1. Nf3 Nf6 2. g3 d5 3. d4 e6 4. c4 Bb4+ 5. Nbd2 dxc4 6. Bg2 0-0 7. Qc2 Bxd2+ 8. Bxd2 b6 9. Ne5 Nd5 10. 0-0 Ba6 11. Rfd1 Qe7 12. Nxc4 Nd7 13. e4 N5f6 14. Ne3 Rac8 15. e5 Ne8 16. Qa4 Nb8 17. Bb4 c5 18. dxc5 bxc5 19. Ba3 Nc7 20. Rac1 Nb5 21. Bf1 Qb7 22. Bxc5 Rfd8 23. Nc4 Rxd1 24. Rxd1 Qc6 25. Nd6 Nd7 26. Bxb5 Bxb5 27. Qxb5 Qxb5 28. Nxb5 Nxc5 29. Rc1 a5 30. a3 a4 31. Nd6 Rc7 32. Ne4 Na6 33. Rxc7 Nxc7 34. Nc3 Kf8 35. Nxa4 Ke7 36. Nc5 f6 37. f4 Nb5 38. Kf2 Nd4 39. Ke3 Nc6 40. Ke4 f5+ 41. Kd3 h6 42. b4 g5 43. b5 Nb8 44. a4 g4 45. a5 Nd7 46. Nxd7 Kxd7 47. Kc4 Kc7 48. Kc5 h5 49. a6 h4 50. b6+ Kb8 51. Kc6 h3 52. a7+ Ka8 53. b7+ 1-0

[Event "Gothenburg op"]
[Site "Gothenburg"]
[Date "2023.08.13"]
[Round "7"]
[White "Hector, Jonny"]
[Black "Westlund, Tim"]
[Result "1-0"]
[WhiteElo "2466"]
[BlackElo "1861"]
[PlyCount "115"]
[EventDate "2023.08.11"]
[EventType "swiss"]
[EventRounds "8"]
[EventCountry "SWE"]
[SourceTitle "CBM 215 Extra"]
[Source "ChessBase"]
[SourceDate "2023.09.30"]
[SourceVersion "1"]
[SourceVersionDate "2023.09.30"]
[SourceQuality "1"]

1. e4 e5 2. Nf3 Nf6 3. Nc3 Nc6 4. d4 exd4 5. Nxd4 Bb4 6. Nxc6 bxc6 7. Bd3 d5 8. exd5 cxd5 9. 0-0 0-0 10. h3 c6 11. Qf3 a5 12. Bg5 Be7 13. Ne2 h6 14. Bf4 Re8 15. Rad1 Bf8 16. c4 Bb7 17. cxd5 cxd5 18. Nd4 Qb6 19. Be3 Qc7 20. Bxh6 gxh6 21. Qxf6 Bg7 22. Qh4 Bc8 23. b3 Qe5 24. Bb5 Rf8 25. Bc6 Ra6 26. Nf3 Qc7 27. Bxd5 Bb7 28. Bxb7 Qxb7 29. Rfe1 Rg6 30. Qe4 Qc8 31. Rc1 Qb8 32. Nd4 Bxd4 33. Qxd4 Qa8 34. Qe4 Qb8 35. Rc6 Rxc6 36. Qxc6 Qf4 37. Re4 Qf5 38. Rg4+ Kh7 39. Qe4 Qxe4 40. Rxe4 Rd8 41. Re2 Kg6 42. Rc2 a4 43. Kf1 axb3 44. axb3 Rd1+ 45. Ke2 Rb1 46. Rc3 Rb2+ 47. Ke3 f5 48. g3 Kg5 49. f4+ Kh5 50. Kd4 Ra2 51. b4 Ra8 52. b5 Ra5 53. Rb3 Ra7 54. b6 Rb7 55. Kc5 Rb8 56. b7 Rd8 57. b8Q Rg8 58. g4+ 1-0

[Event "Gothenburg op"]
[Site "Gothenburg"]
[Date "2023.08.11"]
[Round "4"]
[White "Westlund, Tim"]
[Black "Bengtsson, Siv"]
[Result "0-1"]
[WhiteElo "1861"]
[BlackElo "2010"]
[PlyCount "102"]
[EventDate "2023.08.11"]
[EventType "swiss"]
[EventRounds "8"]
[EventCountry "SWE"]
[SourceTitle "CBM 215 Extra"]
[Source "ChessBase"]
[SourceDate "2023.09.30"]
[SourceVersion "1"]
[SourceVersionDate "2023.09.30"]
[SourceQuality "1"]

1. e4 c5 2. Nf3 Nc6 3. Bb5 d6 4. Bxc6+ bxc6 5. d3 e5 6. Nc3 f5 7. Qe2 Nf6 8. Bd2 Be7 9. b3 0-0 10. a4 a5 11. h3 fxe4 12. Nxe4 Nxe4 13. dxe4 Rb8 14. 0-0 Be6 15. Qe1 Rxf3 16. gxf3 Bxh3 17. Kh2 Bxf1 18. Qxf1 Bg5 19. Bxg5 Qxg5 20. Qh3 Qf4+ 21. Qg3 Rf8 22. Kg2 Rf6 23. Qh3 h6 24. Rg1 Kh7 25. Kh1 Qxf3+ 26. Qxf3 Rxf3 27. Rd1 Rf6 28. Kg2 g5 29. f3 Kg7 30. Kg3 Kf7 31. Rh1 Ke6 32. c4 Kf7 33. Kg4 Kg6 34. Rd1 h5+ 35. Kg3 h4+ 36. Kg2 Kh5 37. Rd3 g4 38. fxg4+ Kxg4 39. Kh2 Kf4 40. Rh3 Kxe4 41. Rxh4+ Kd3 42. Rh3+ Kd4 43. Kg2 e4 44. Rh1 e3 45. Re1 Kd3 46. b4 cxb4 47. Rc1 e2 48. c5 dxc5 49. Rh1 Kd2 50. Rh2 e1Q 51. Kh3+ Kc3 0-1

[Event "Gothenburg op"]
[Site "Gothenburg"]
[Date "2023.08.11"]
[Round "1"]
[White "Yang, Mandi"]
[Black "Westlund, Tim"]
[Result "1-0"]
[WhiteElo "1457"]
[BlackElo "1861"]
[PlyCount "65"]
[EventDate "2023.08.11"]
[EventType "swiss"]
[EventRounds "8"]
[EventCountry "SWE"]
[SourceTitle "CBM 215 Extra"]
[Source "ChessBase"]
[SourceDate "2023.09.30"]
[SourceVersion "1"]
[SourceVersionDate "2023.09.30"]
[SourceQuality "1"]

1. e4 e5 2. Nf3 Nf6 3. d4 Nxe4 4. Bd3 d5 5. dxe5 Be7 6. 0-0 Nc5 7. h3 Nxd3 8. Qxd3 0-0 9. Nc3 Be6 10. Rd1 c6 11. Bf4 Nd7 12. Nd4 c5 13. Nxe6 fxe6 14. Bg3 Bh4 15. Nxd5 Bxg3 16. fxg3 Nxe5 17. Qe2 exd5 18. Qxe5 d4 19. c3 Rc8 20. cxd4 cxd4 21. Rxd4 Qb6 22. Kh2 Qxb2 23. Qd5+ Kh8 24. Re1 Rc2 25. Rf4 Rfc8 26. Ref1 Qa3 27. Qd3 Rxg2+ 28. Kxg2 Qxa2+ 29. R4f2 Qg8 30. Qd7 Rb8 31. Rf7 b5 32. Qxa7 Ra8 33. Qxa8 1-0

[Event "Gothenburg op"]
[Site "Gothenburg"]
[Date "2022.08.12"]
[Round "1"]
[White "Persson, Michael"]
[Black "Westlund, Tim"]
[Result "0-1"]
[WhiteElo "1267"]
[BlackElo "1760"]
[PlyCount "30"]
[EventDate "2022.08.12"]
[EventType "swiss"]
[EventRounds "8"]
[EventCountry "SWE"]
[SourceTitle "CBM 209 Extra"]
[Source "ChessBase"]
[SourceDate "2022.09.30"]
[SourceVersion "1"]
[SourceVersionDate "2022.09.30"]
[SourceQuality "1"]

1. d4 Nf6 2. c4 e6 3. a3 d5 4. e3 Bd6 5. Nc3 0-0 6. Nf3 Nbd7 7. Be2 c6 8. 0-0 Ne4 9. cxd5 exd5 10. Bd3 Re8 11. Re1 Ndf6 12. Nd2 Bxh2+ 13. Kf1 Nxf2 14. Kxf2 Ng4+ 15. Ke2 Rxe3+ 0-1